| 000 | 00716nam a2200205 4500 | ||
|---|---|---|---|
| 001 | 1771 | ||
| 003 | OCoLC | ||
| 005 | 20181127163951.0 | ||
| 008 | 901119s1990 wau b 000 0 eng d | ||
| 020 | _a1879098008 | ||
| 043 |
_aa-ja--- _an-us--- |
||
| 245 | 0 | 0 |
_aJapan's economic structure : _bshould it change? / _cedited by Kozo Yamamura. |
| 260 |
_aSeattle, Wash. : _bSociety for Japanese Studies, University of Washington, _cc1990. |
||
| 300 |
_a378 p. ; _c23 cm. |
||
| 504 | _aIncludes bibliographical references. | ||
| 651 | 0 |
_aJapan _xEconomic policy _y1945- |
|
| 651 | 0 |
_aJapan _xForeign economic relations _zUnited States. |
|
| 651 | 0 |
_aUnited States _xForeign economic relations _zJapan. |
|
| 700 | 1 | _aYamamura, Kozo. | |
| 999 |
_c1346 _d1346 |
||